Újabb díszes faragott padok kerülnek a sétányra

Bibliographic Details
Format: Article
Language:Hungarian
PhysicalDescription:Fotogr.
ISSN:1335-7050
Subjects:

MARC

LEADER 00000nab a2200000 a 4500
001 vtls009310332
003 SK-MaSNL
005 20260319070837.0
008 080709 20080709xo | || | |00 0 hun|
038 |a NZKAB 
040 |a NZKAB  |b slo  |c NZKAB  |e AACR2 
041 0 |a hun 
044 |a xo  |c SK 
080 |a 7.021.7  |2 1997 
245 0 0 |a Újabb díszes faragott padok kerülnek a sétányra  |c [szerző] (száz) 
300 |b Fotogr. 
611 2 7 |a Rezbárske sympózium ( 4. : 2008 : Tvrdošovce, Slovensko)  |2 nzkab  |9 1048820 
648 7 |a 11.7.2008  |2 nzkab  |9 1048821 
650 0 7 |a rezbárstvo  |2 nzkab  |9 2735 
651 7 |a Tvrdošovce (Slovensko)  |2 nzkab  |9 20490 
773 0 |t Új Szó  |g Évf. 61, sz. 158 (9.7.2008), o. 25  |x 1335-7050 
773 0 8 |i Príl.:  |t Szülőföldünk  |g 5, sz. 28 
852 |a NZKAB  |b KIS3GCP 
958 |a RG 
999 |c 1723939  |d 1725869